Unique 2nd Letter Countries Quiz Stats

 Plays Quiz Updated Aug 10, 2017

Support Sporcle.
Go Orange.
Score 0/6 Timer 01:30
2 Plays Today
Letter Country % Correct
FAfghanistan
78.6%
JDjibouti
73.9%
MOman
71.3%
PSpain
66.2%
QEquatorial Guinea
65.1%
KUkraine
46.9%

You're not logged in!

Compare scores with friends on all Sporcle quizzes.
OR
Log In
Forgot?

From the Vault

Movie Title Match Up

by Sarahbelle

While playing this, I had convinced myself that Roman Pizza just had to be a movie.
Remove Ads.
Support Sporcle.
Get the best of Sporcle when you Go Orange. This ad-free experience offers more features, more stats, and more fun while also helping to support Sporcle. Thank you for becoming a member.

Show Comments

Extras

Top Quizzes Today


Score Distribution

Your Account Isn't Verified!

In order to create a playlist on Sporcle, you need to verify the email address you used during registration. Go to your Sporcle Settings to finish the process.

Report this User

Report this user for behavior that violates our Community Guidelines.

Details: